| 000 | nam a22 7a 4500 | ||
|---|---|---|---|
| 999 |
_c18482 _d18482 |
||
| 008 | 161221b xxu||||| |||| 00| 0 eng d | ||
| 020 | _a9780521825009 | ||
| 050 | _aNX 180 .C69 2005 | ||
| 100 | _aCox, Maureen. | ||
| 245 |
_aThe pictorial world of the child/ _cMaureen Cox. |
||
| 260 |
_aNewYork : _bCambridge University press, _c2005. |
||
| 300 |
_axxiv,357p. : _bill. ; |
||
| 500 | _aInclude index. | ||
| 650 | _aArts and children. | ||
| 942 |
_2lcc _cBOOKS _hNX 180 .C69 2005 |
||